Top 100 most watched TV-series - Statistics

General Stats
  • This quiz has been taken 368 times
  • The average score is 19 of 100
Answer Stats
Hint Answer % Correct
19 Breaking Bad
79%
29 Friends
76%
1 Game of Thrones
71%
2 Stranger Things
69%
3 The Walking Dead
51%
8 Grey's Anatomy
49%
58 House M.D.
49%
25 The Simpsons
47%
52 Dexter
46%
12 The Big Bang Theory
46%
24 Teen Wolf
44%
76 Better Call Saul
40%
54 Family Guy
39%
30 How I Met Your Mother
39%
22 Prison Break
39%
56 Lost
36%
11 La Casa de Papel
35%
51 You
35%
17 The Vampire Diaries
34%
35 Gossip Girl
30%
40 Modern Family
30%
57 Peaky Blinders
30%
69 South Park
30%
31 Suits
30%
68 Glee
29%
6 Orange is The New Black
28%
45 Dark
25%
7 Riverdale
25%
5 The 100
25%
70 Brooklyn Nine-nine
24%
44 House of Cards
24%
16 Pretty Little Liars
23%
15 Vikings
23%
27 Narcos
22%
41 Rick and Morty
22%
21 Supernatural
20%
93 The Crown
20%
9 The Flash
20%
20 Lucifer
19%
4 13 Reasons Why
18%
10 Arrow
18%
13 Black Mirror
18%
47 Sex Education
18%
14 Sherlock
18%
66 The Good Doctor
18%
48 Shameless
16%
94 Chernobyl
15%
98 Criminal Minds
14%
46 Elite
14%
75 Desperate Housewives
13%
18 American Horror Story
12%
28 Daredevil
12%
32 Mr Robot
12%
49 New Girl
12%
61 Homeland
11%
55 The Blacklist
11%
92 The Mentalist
11%
33 The Originals
11%
73 True Detective
11%
74 The OA
10%
23 How To Get Away With Murder
9%
39 Jessica Jones
9%
34 Supergirl
9%
82 The Good Place
9%
78 The Punisher
9%
72 The Umbrella Academy
9%
26 Once Upon a Time
8%
37 Gotham
7%
87 Luke Cage
7%
53 Fear the Walking Dead
6%
83 Iron Fist
6%
85 Mindhunter
6%
38 Westworld
6%
50 Agents of S.H.I.E.L.D.
5%
80 Dynasty
5%
67 Jane the Virgin
5%
88 Scandal
5%
43 The End of the Fucking World
5%
64 The Handmaid's Tale
5%
81 This is Us
5%
90 Big Little Lies
4%
63 Legends of Tomorrow
4%
60 Orphan Black
4%
42 Shadowhunters: The Mortal Instruments
4%
89 The Defenders
4%
96 Reign
3%
36 Sense8
3%
84 The Rain
3%
71 Under the Dome
3%
79 Atypical
2%
62 Blindspot
2%
91 Insatiable
2%
59 Quantico
2%
86 Revenge
2%
99 Scream
2%
97 A Series of Unfortunate Events
1%
77 Bates Motel
1%
65 Chilling Adventures of Sabrina
1%
95 iZombie
1%
100 The Haunting of Hill House
1%
No matching quizzes found
Score Distribution
Percent of People with Each Score
Percentile by Number Answered
Your Score History
You have not taken this quiz